Truyện linh dị Việt Nam
Giới thiệu những mẫu chuyện khác lạ được truyền tụng trong dân gian. Chia thành 2 phần, phần 1 giới thiệu các câu chuyện linh dị qua các thần tích, phần 2 giới thiệu các câu chuyện linh dị qua cách kể của các nhà văn....
সংরক্ষণ করুন:
| প্রধান লেখক: | |
|---|---|
| বিন্যাস: | গ্রন্থ |
| ভাষা: | Undetermined |
| প্রকাশিত: |
H.
Văn hóa - Thông tin
2009
|
| বিষয়গুলি: | |
| অনলাইন ব্যবহার করুন: | http://lrc.tdmu.edu.vn/opac/search/detail.asp?aID=2&ID=14910 |
| ট্যাগগুলো: |
ট্যাগ যুক্ত করুন
কোনো ট্যাগ নেই, প্রথমজন হিসাবে ট্যাগ করুন!
|
| Thư viện lưu trữ: | Trung tâm Học liệu Trường Đại học Thủ Dầu Một |
|---|
| LEADER | 01041nam a2200205Ia 4500 | ||
|---|---|---|---|
| 001 | TDMU_14910 | ||
| 008 | 210410s9999 xx 000 0 und d | ||
| 082 | |a 398.209597 | ||
| 090 | |b PH104 | ||
| 100 | |a Phạm, Minh Thảo | ||
| 245 | 0 | |a Truyện linh dị Việt Nam | |
| 245 | 0 | |c Phạm Minh Thảo tuyển chọn, biên soạn | |
| 260 | |a H. | ||
| 260 | |b Văn hóa - Thông tin | ||
| 260 | |c 2009 | ||
| 300 | |a 631tr. | ||
| 520 | |a Giới thiệu những mẫu chuyện khác lạ được truyền tụng trong dân gian. Chia thành 2 phần, phần 1 giới thiệu các câu chuyện linh dị qua các thần tích, phần 2 giới thiệu các câu chuyện linh dị qua cách kể của các nhà văn. | ||
| 650 | |a Truyện huyền bí Việt Nam; Văn học dân gian Việt Nam |x Truyện huyền bí | ||
| 856 | |u http://lrc.tdmu.edu.vn/opac/search/detail.asp?aID=2&ID=14910 | ||
| 980 | |a Trung tâm Học liệu Trường Đại học Thủ Dầu Một | ||